Eastern Utah Libraries Catalog: Duchesne, Heber, Roosevelt, & Vernal

Matilda / (Record no. 364270)

MARC details
000 -LEADER
fixed length control field 02711nam a2200601 i 4500
001 - CONTROL NUMBER
control field 3132305
005 - DATE AND TIME OF LATEST TRANSACTION
control field 20210830161904.0
008 - FIXED-LENGTH DATA ELEMENTS--GENERAL INFORMATION
fixed length control field 180924s2018 flua c 000 1 spa d
020 ## - INTERNATIONAL STANDARD BOOK NUMBER
International Standard Book Number 9781947783362 :
Terms of availability $12.95
020 ## - INTERNATIONAL STANDARD BOOK NUMBER
International Standard Book Number 194778336X :
Terms of availability $12.95
035 ## - SYSTEM CONTROL NUMBER
System control number (OCoLC)1035307314
035 ## - SYSTEM CONTROL NUMBER
System control number (OCoLC)on1035307314
035 ## - SYSTEM CONTROL NUMBER
System control number 3015935
035 ## - SYSTEM CONTROL NUMBER
System control number 3015935
040 ## - CATALOGING SOURCE
Original cataloging agency PABRO
Language of cataloging eng
Description conventions rda
Transcribing agency PABRO
041 1# - LANGUAGE CODE
Language code of text/sound track or separate title spa
Language code of original and/or intermediate translations of text eng
050 #4 - LIBRARY OF CONGRESS CALL NUMBER
Classification number PZ73.D355
Item number Mat 2018
082 04 - DEWEY DECIMAL CLASSIFICATION NUMBER
Classification number [Fic]
Edition number 23
092 ## - LOCALLY ASSIGNED DEWEY CALL NUMBER (OCLC)
Classification number Spanish junior fiction
Item number Dahl
100 1# - MAIN ENTRY--PERSONAL NAME
Personal name Dahl, Roald,
Relator term author.
240 10 - UNIFORM TITLE
Uniform title <a href="Matilda.">Matilda.</a>
Language of a work Spanish
245 10 - TITLE STATEMENT
Title Matilda /
Statement of responsibility, etc Roald Dahl ; ilustraciones de Quentin Blake ; traducción de Pedro Barbadillo.
250 ## - EDITION STATEMENT
Edition statement Primera edición.
264 #1 - Production, Publication, Distribution, Manufacture, and Copyright Notice.
Place of production, publication, distribution, manufacture Miami, FL :
Name of producer, publisher, distributor, manufacturer Alfaguara,
Date of production, publication, distribution, manufacture, or copyr 2018.
300 ## - PHYSICAL DESCRIPTION
Extent 244 pages :
Other physical details illustrations ;
Dimensions 22 cm.
336 ## - Content Type
Content type term text
337 ## - Media type
Media type term unmediated
338 ## - Carrier type
Carrier type term volume
490 1# - SERIES STATEMENT
Series statement Alfaguara clásicos
520 ## - SUMMARY, ETC.
Summary, etc "The Trunchbull" is no match for Matilda! Matilda is a sweet, exceptional young girl, but her parents think she's just a nuisance. She expects school to be different but there she has to face Miss Trunchbull, a kid-hating terror of a headmistress. When Matilda is attacked by the Trunchbull she suddenly discovers she has a remarkable power with which to fight back. It'll take a superhuman genius to give Miss Trunchbull what she deserves and Matilda may be just the one to do it!"
521 1# - TARGET AUDIENCE NOTE
Target audience note 8-12
Source Brodart.
521 2# - TARGET AUDIENCE NOTE
Target audience note 3-7
Source Brodart.
650 #1 - SUBJECT ADDED ENTRY--TOPICAL TERM
Topical term or geographic name as entry element Schools
Form subdivision Fiction.
9 (RLIN) 5673727
650 #1 - SUBJECT ADDED ENTRY--TOPICAL TERM
Topical term or geographic name as entry element Magic
Form subdivision Fiction.
9 (RLIN) 5673694
650 #1 - SUBJECT ADDED ENTRY--TOPICAL TERM
Topical term or geographic name as entry element Humorous stories.
650 #0 - SUBJECT ADDED ENTRY--TOPICAL TERM
Topical term or geographic name as entry element Schools
Form subdivision Juvenile fiction.
650 #0 - SUBJECT ADDED ENTRY--TOPICAL TERM
Topical term or geographic name as entry element Magic
Form subdivision Juvenile fiction.
9 (RLIN) 5673690
650 #0 - SUBJECT ADDED ENTRY--TOPICAL TERM
Topical term or geographic name as entry element Humorous stories.
9 (RLIN) 6425682
650 #7 - SUBJECT ADDED ENTRY--TOPICAL TERM
Topical term or geographic name as entry element Escuelas
Form subdivision Novela juvenil.
Source of heading or term bidex
9 (RLIN) 6415392
650 #7 - SUBJECT ADDED ENTRY--TOPICAL TERM
Topical term or geographic name as entry element Magia
Form subdivision Novela juvenil.
Source of heading or term bidex
9 (RLIN) 5674408
650 #7 - SUBJECT ADDED ENTRY--TOPICAL TERM
Topical term or geographic name as entry element Cuentos humoroso.
Source of heading or term bidex
9 (RLIN) 6425683
650 #7 - SUBJECT ADDED ENTRY--TOPICAL TERM
Topical term or geographic name as entry element JUVENILE FICTION / Fantasy & Magic
Source of heading or term bisacsh
9 (RLIN) 5675426
650 #7 - SUBJECT ADDED ENTRY--TOPICAL TERM
Topical term or geographic name as entry element JUVENILE FICTION / Humorous Stories
Source of heading or term bisacsh
9 (RLIN) 5685987
650 #7 - SUBJECT ADDED ENTRY--TOPICAL TERM
Topical term or geographic name as entry element JUVENILE FICTION / School & Education
Source of heading or term bisacsh
9 (RLIN) 5703325
690 ## - LOCAL SUBJECT ADDED ENTRY--TOPICAL TERM (OCLC, RLIN)
Topical term or geographic name as entry element Spanish language materials.
700 1# - ADDED ENTRY--PERSONAL NAME
Personal name Blake, Quentin,
Relator term illustrator.
9 (RLIN) 6278
700 1# - ADDED ENTRY--PERSONAL NAME
Personal name Barbadillo, Pedro.
9 (RLIN) 6425684
830 #0 - SERIES ADDED ENTRY--UNIFORM TITLE
Uniform title Alfaguara clásicos.
9 (RLIN) 6425685
942 ## - ADDED ENTRY ELEMENTS (KOHA)
Source of classification or shelving scheme Dewey Decimal Classification
Koha item type BOOK
948 ## - LOCAL PROCESSING INFORMATION (OCLC); SERIES PART DESIGNATOR (RLIN)
Series part designator, SPT (RLIN) BRF
b (OCLC) CHILDREN'S
p (OCLC) X122799463
k (OCLC) J
h (OCLC) F
f (OCLC) 1
r (OCLC) 2
g (OCLC) 1
7 (OCLC) 0
u (OCLC) 3
w (OCLC) 11
s (OCLC) 0
o (OCLC) BRF
0 (OCLC) $12.95
y (OCLC) 99
c (OCLC) 105
j (OCLC) Dewey Decimal
n (OCLC) On-Order
e (OCLC) 1925352-1
9 (OCLC) Item generated Jun 24 2021 9:00AM
Holdings
Withdrawn status Lost status Source of classification or shelving scheme Damaged status Not for loan Collection code Home library Current library Shelving location Date acquired Source of acquisition Total Checkouts Total Renewals Full call number Barcode Date last seen Date checked out Cost, replacement price Price effective from Koha item type
    Dewey Decimal Classification     Spanish Junior Fiction Wasatch County Library Wasatch County Library First Floor 08/30/2021 Amazon 5 9 J Dahl 34301001806407 10/22/2025 08/12/2024 12.95 08/30/2021 BOOK
    Dewey Decimal Classification     Spanish Junior Fiction Wasatch County Library Wasatch County Library First Floor 03/06/2024 Amazon 1 2 J Dahl 34301002068114 10/22/2025 07/18/2024 12.95 03/06/2024 BOOK
This project was made possible through a grant from the Institute of Museum and Library Service administered by the Utah State Library Division.

Wasatch County Library

  • 465 East 1200 South, Heber City, Utah 84032
  • Phone 435-654-1511 | Fax 435-654-6456

Hours

  • Monday - Friday 9:30 AM - 8:00 PM
  • Saturday 9:30 AM - 1:30 PM
  • Closed Sundays and Holidays